Greek to English Capital Names - Statistics

General Stats
  • This quiz has been taken 48 times
  • The average score is 15 of 18
Answer Stats
Greek English % Correct
Όσλο Oslo
95%
Αθήνα Athens
93%
Μαδρίτη Madrid
90%
Μόσχα Moscow
88%
Σάο Τομέ São Tomé
88%
Σόφια Sofia
88%
Άκκρα Accra
86%
Μανίλα Manila
86%
Σκόπια Skopje
83%
Τύνιδα Tunis
83%
Ελσίνκι Helsinki
81%
Κίεβο Kyiv
81%
Μινσκ Minsk
81%
Παρίσι Paris
81%
Νιαμέι Niamey
76%
Ρώμη Rome
71%
Ουάσινγκτον Π.Κ Washington, D.C.
71%
Ανόι Hanoi
67%
No matching quizzes found
Score Distribution
Percent of People with Each Score
Percentile by Number Answered
Your Score History
You have not taken this quiz